| 000 | 00723nam a2200253 a 4500 | ||
|---|---|---|---|
| 008 | |||
| 020 | _a0750630736 (pbk.) | ||
| 049 | _aMAIN | ||
| 090 | _aNK1510 | ||
| 100 | 1 | _aLawson, Bryan. | |
| 245 | 1 | 0 |
_aHow designers think : _bthe design process demystified / _cBryan Lawson. |
| 250 | _a3nd ed. | ||
| 260 |
_aOxford : _bArchitectural Press, _c1997. |
||
| 300 |
_aix,318 p. : _bill. ; _c24 cm. |
||
| 500 | _aIncludes index. | ||
| 504 | _aIncludes bibliographical references. | ||
| 650 | 0 | _aDesign. | |
| 653 | _aArchitectural design | ||
| 907 |
_a.b10111967 _b19-02-04 _c19-02-04 |
||
| 003 | |||
| 005 | 20230123133632.0 | ||
| 040 | _cNUST | ||
| 942 |
_cBOOKS _kNK1510 |
||
| 999 |
_c151999 _d151999 |
||